Chemical agents as regulatorsof biological responses in plants (Record no. 55471)

MARC details
000 -LEADER
fixed length control field 00381nam a2200145Ia 4500
100 ## - MAIN ENTRY--AUTHOR NAME
Personal name Yokoyama H
245 #0 - TITLE STATEMENT
Title Chemical agents as regulatorsof biological responses in plants
260 ## - PUBLICATION, DISTRIBUTION, ETC. (IMPRINT)
Name of publisher ACS symposium series
Year of publication 1991
300 ## - PHYSICAL DESCRIPTION
Number of Pages 255-268
500 ## - GENERAL NOTE
General note Source Year: 1992
700 ## - ADDED ENTRY--PERSONAL NAME
Personal name Kethly J H
856 ## - ELECTRONIC LOCATION AND ACCESS
Uniform Resource Identifier HOA
942 ## - ADDED ENTRY ELEMENTS (KOHA)
Koha item type Journals
Holdings
Withdrawn status Lost status Damaged status Not for loan Home library Current library Date acquired Serial Enumeration / chronology Koha item type
      Journals RRII Library RRII Library 17/12/2021 Volume 0, Issue 443 Journals